ՀՀ Գիտությունների ազգային ակադեմիայի հիմնարար գիտական գրադարան  =   Fundamental Scientific Library of NAS RA

Патология туберкулеза в пожилом возрасте : (Record no. 380620)

MARC details
000 -LEADER
fixed length control field 01146nam a2200277 a 4500
001 - CONTROL NUMBER
control field 000661970
003 - CONTROL NUMBER IDENTIFIER
control field AM-YeHGA
005 - DATE AND TIME OF LATEST TRANSACTION
control field 20250617152927.0
008 - FIXED-LENGTH DATA ELEMENTS--GENERAL INFORMATION
fixed length control field 090529s1978 ||||||||||||||||||||rus d
040 ## - CATALOGING SOURCE
Original cataloging agency AM-YeHGA
041 1# - LANGUAGE CODE
Language code of text/sound track or separate title rus
Language code of original eng
090 ## - LOCALLY ASSIGNED LC-TYPE CALL NUMBER (OCLC); LOCAL CALL NUMBER (RLIN)
-- 382546
100 1# - MAIN ENTRY--PERSONAL NAME
Personal name Харанги, Л.
245 10 - TITLE STATEMENT
Title Патология туберкулеза в пожилом возрасте :
Remainder of title Пер. с англ. /
Statement of responsibility, etc. Л. Харанги, К. Сцеменьи; Пер. М.А. Карачунского, А.М. Мороза .
246 11 - VARYING FORM OF TITLE
Title proper/short title Pathology of Tuberculosis in Old Age
260 ## - PUBLICATION, DISTRIBUTION, ETC.
Place of publication, distribution, etc. Москва :
Name of publisher, distributor, etc. Медицина,
Date of publication, distribution, etc. 1978.
300 ## - PHYSICAL DESCRIPTION
Extent 248 с. :
Other physical details ил., табл.
534 ## - ORIGINAL VERSION NOTE
Introductory phrase Оригинал на англ. :
-- Pathology of Tuberculosis in Old Age /
Main entry of original Laszlo Haranghy -
Publication, distribution, etc. of original Budapest : Akadémiai kiadÓ, 1974 .
650 14 - SUBJECT ADDED ENTRY--TOPICAL TERM
Topical term or geographic name entry element Туберкулез
650 14 - SUBJECT ADDED ENTRY--TOPICAL TERM
Topical term or geographic name entry element Геронтология
650 14 - SUBJECT ADDED ENTRY--TOPICAL TERM
Topical term or geographic name entry element Смертность
650 14 - SUBJECT ADDED ENTRY--TOPICAL TERM
Topical term or geographic name entry element Морфологические изменения
700 1# - ADDED ENTRY--PERSONAL NAME
Personal name Сцеменьи, К.
700 1# - ADDED ENTRY--PERSONAL NAME
Personal name Карачунский, М.А.
Relator term пер.
Relationship trl
700 1# - ADDED ENTRY--PERSONAL NAME
Personal name Мороз, А.М.
Relator term пер.
Relationship trl
Holdings
Withdrawn status Lost status Source of classification or shelving scheme Damaged status Not for loan Collection Home library Current library Date acquired Total checkouts Full call number Barcode Date last seen Price effective from Koha item type Public note
    Universal Decimal Classification     General Fundamental Scientific Library Fundamental Scientific Library 29/03/2017   PII/427782 FL0444462 29/03/2017 29/03/2017 Գրքեր / Books 30 Days Loan


ՀՀ ԳԱԱ հիմնարար գիտական գրադարան
ՀՀ,Երևան 0019
Մարշալ Բաղրամյան 24/6
հեռախոս:(374-10) 52-47-50
Հետադարձ կապ

All site content, except where otherwise noted, is licensed under a
Creative Commons License